000 00564nam a2200193Ia 4500
005 20250326142452.0
008 250326s9999 xx 000 0 und d
020 _a81-85989-15-x
037 _aTextbook
040 _aFMSL
_beng
_cFMSL
041 _aeng
_2eng
084 _aX:9 N7;1
_qFMSL
100 _aDiwedi R S
245 0 _aManaging human resource personnel management : In indian enterprises
_cDiwedi R S
260 _aNew Delhi
_bNew Delhi, Galgotia Pub. Co.
_c1997
300 _a520p
942 _cTB
_hX:9 N7;1
999 _c1295170
_d1295170